| 000 | 01016nam a22003257i 4500 | ||
|---|---|---|---|
| 003 | DO-SdBNP | ||
| 005 | 20260525192846.0 | ||
| 007 | ta | ||
| 008 | 201005b1994 dr ||||| |||| 00| 0 spa d | ||
| 040 |
_aDO-SdBNP _bspa _cBNPHU _erda |
||
| 041 | _aspa | ||
| 082 |
_a204.22 _bM938a _223 |
||
| 100 |
_aMoya, Rafael, _d1940- _eautor _976739 _4aut. |
||
| 245 | 1 | 0 |
_aApuntes místicos y filosóficos que iluminan el espíritu / _cRafael Moya |
| 250 | _aSegunda edición | ||
| 260 | _b | ||
| 264 |
_aSanto Domingo : _bTalleres y Editora Papelería Josué, _c1995 |
||
| 300 |
_a127 páginas ; _c21 cm |
||
| 336 |
_ardacontent _btexto _2txt |
||
| 337 |
_ardamedia _bsin mediación _2n |
||
| 338 |
_ardacarrier _bvolumen _2nc |
||
| 590 | _aInventariado, 2020/VM | ||
| 650 | 7 |
_2lemb _aMisticismo _xColecciones de escrito _989741 |
|
| 650 | 7 |
_2lemb _aVida espiritual _9268 |
|
| 650 | 7 |
_2lemb _aFilosofía y religión _945620 |
|
| 650 | 7 |
_2lemb _aMeditaciones _95988 |
|
| 910 | _aDG | ||
| 942 |
_2ddc _cLBS1 |
||
| 956 | _uVMateo | ||
| 999 |
_c48814 _d48814 |
||